00537 2200193 4500001002100000005001700021035002400038040001200062082001600074245002200090260003200112300005400144500005700198650002800255850001200283990001600295990001600311990001600327YOGYA00000000010115620161118103858.0 0010-011400000000358 aYOPDYOG 2[22]a792.2 aPATIH Nambi gugur aSurakartabLokanantac[s.a] a1 CD (53.84 menit)b: digital, stereoc; 4 3/4 in aKethoprak Mataram Sapta Mandala Kodam VII Diponegoro aPertunjukan Komedi-Jawa aYOPDYOG a2377/B.2014 a2378/B.2014 a2379/B.2014